000 00606nam a2200169 a 4500
001 000036312
005 20240313182404.0
008 120113s1994 mx a 000 0 spa d
040 _aDO-SdBNP
_bspa
_cBNPHU
100 1 _aPellicer, Alejandra
_962465
245 1 4 _aLos descubrimientos de Cristóbal :
_bhistorias sobre una historia /
_cAlejandra Pellicer.
260 _aMéxico :
_bSecretaría de Educación Pública,
_c1994.
300 _a55 p. :
_bil. ;
_c21 cm.
600 0 _aCOLÓN, CRISTOBAL,
_d1436-1456
_919795
651 4 _aAmérica
_xDescubrimiento Y Conquista
_962466
651 4 _aAmérica
_xHistoria
_9865
999 _c35803
_d35803